01010 a2200229 45000010006000000050017000060080041000230030015000640400040000790800159001192450074002780200022003522640051003743000019004255050141004440410008005859420007005935900036006001000021006369990015006579520108006726040020260407155855.0260407a1984 arg spa dAR-UNSa-BCEJYS aAR-UNSa-BCEJYSbspacAR-UNSa-BCEJYS a321.01xTeoría general del Estado. Teoría y filosofía del poder. Estado y territorio. Autoridad y oposición. Usurpación (Filosofía política)10aNotas sobre Maquiavelo, sobre la política y sobre el Estado moderno a978-950-602-045-3 1aBuenos Aires :bEdiciones Nueva Visiónc1984 a340 p.c20 cm. a1. El príncipe moderno – 2. Notas bibliográficas – 3. Acción Católica, jesuitas y modernistas – 4. Americanismo y fordismo aspa cBK aniveau_biblio:m niveau_hierar:01 aGramsci, Antonio c6968d6968 00104070aBCEJYSbBCEJYSc16d2026-04-07l0o321.01 G745pL129155r2026-04-07 15:58:55w2026-04-07yL